000 02378cgm a2200601Ia 4500
003 OCoLC
005 20241220105218.0
007 vd cvaizu
008 060420s2006 cau110 vleng d
001 ocm67246991
020 _a1415718334
020 _a9781415718339
028 4 2 _a04204
_bParamount Pictures
035 _a(Sirsi) i9781415718339
035 _a(OCoLC)67246991
040 _aBIB
_cBIB
_dRED
_dEGM
_dVP@
_dUINTA
041 1 _aeng
_afre
_bspa
_beng
_heng
049 _aUCLB
090 _aPN1997.2
_b.M58 2006
082 _a791.437
092 _a791.437
130 0 _aMission, impossible (Motion picture)
_965011
245 1 0 _aMission : impossible
_h[videorecording] /
_cParamount Pictures presents a Cruise/Wagner production ; a Brian De Palma film ; screenplay by David Koepp and Robert Towne ; produced by Tom Cruise and Paula Wagner ; directed by Brian De Palma..
250 _aSpecial collector's ed.
260 _aHollywood, Calif. :
_bParamount Pictures,
_cc2006.
300 _a1 videodisc (110 min.) :
_bsd., col. ;
_c4 3/4 in.
538 _aDVD, widescreen, Region 1; stereo., Dolby digital, English 5.1 Surround, English 2.0 Surround, French 2.0 Surround.
546 _aSoundtrack in English or French; English and Spanish subtitles available.
500 _aTitle from disc label.
511 1 _aTom Cruise, Jon Voight, Emmanuelle Beart, Vanessa Redgrave.
500 _aOriginally released as a motion picture in 1996.
500 _aBased on the television series.
521 8 _aRated PG-13.
520 _aA secret agent framed for the deaths of his espionage team, tries to discover the truth.
650 0 _aSpies
_vDrama.
_95709316
650 0 _aMurder
_vDrama.
_95696159
650 0 _aBetrayal
_vDrama.
_95728476
650 7 _aAsesinato
_vTeatro.
_2bidex
_95766750
650 7 _aEspías
_vTeatro.
_2bidex
_96499900
655 0 _aSpy films.
_96102272
655 0 _aFeature films.
_96102273
655 0 _aAction and adventure films.
_95674017
700 1 _aDe Palma, Brian.
_918922
700 1 _aCruise, Tom,
_d1962-
_929476
700 1 _aVoight, Jon,
_d1938-
_923753
700 1 _aBéart, Emmanuelle.
_960935
700 1 _aRedgrave, Vanessa,
_d1937-
_927595
710 2 _aParamount Pictures.
_934966
730 0 _aMission impossible (Television program)
_937336
942 _cDVD
_0315
994 _aC0
_bUINTA
998 _aa17406
999 _c9346
_d9346